000 00716nam a2200241 a 4500
001 26680
003 BD-RjUL
005 20211209051042.0
008 140323s1972 enk b 00100 eng
035 _a(BD-RjUL)26750
040 _dBD-RjUL
_aSL
_beng
_cSL
041 _aeng
082 0 0 _a377.6095414
_bLAM 1972
100 1 _aLaird, M. A.
_q(Michael Andrew)
_981989
245 1 0 _aMissionaries and education in Bengal, 1793-1837 /
_cby M.A. Laird.
260 _aOxford :
_bClarendon Press,
_cc1972.
300 _axiv, 300 p. ;
_c23 cm.
504 _aBibliography: p. [274]-292.
504 _aIncludes index.
650 0 _aChurch schools
_zIndia
_zBengal
_xHistory.
_981990
942 _2ddc
_cBK
999 _c26680
_d26680